Spišská Nová Ves - mestské divadlo

Zobrazenie: Pohľad na budovu mestského divadla. Pred schodíkmi sú dva kruhové trávniky a vpravo i vľavo na pohľadnici je po jednom strome

Bibliographic Details
Format: Postcard
Language:Slovak
PhysicalDescription:1 pohľadnica čiernobiela 11 x 15 cm
Published: Bratislava Tvar 1955
Subjects:

MARC

LEADER 00000nkm a2200000 a 4500
001 vtls011769888
003 SK-MaSNL
005 20260512124126.0
007 kp bo
008 240131s1955 xo g kuslo
015 |a SNBG1955 
035 |a urn:nbn:sk:snk-km00doo4 
035 |a urn:nbn:sk:snk-km3lyme 
035 |a 42F096B9-ED8A-447A-8F8F-B19666B62186 
040 |a SNK  |b slo  |c SNK  |e AACR2 
041 0 |a slo 
043 |a e-xo--- 
044 |a xo  |c SK 
072 7 |a 913  |x Regionálna geografia  |2 konspekt 
072 7 |a 792  |x Divadlo. Divadelné predstavenia  |2 konspekt 
080 |a 913(437.6)  |2 2011 
080 |a 792.05  |2 2011 
080 |a (084.121)  |2 2011 
245 0 0 |a Spišská Nová Ves - mestské divadlo  |h grafika 
260 |a Bratislava  |b Tvar  |c 1955 
300 |a 1 pohľadnica  |b čiernobiela  |c 11 x 15 cm 
520 8 |a Zobrazenie: Pohľad na budovu mestského divadla. Pred schodíkmi sú dva kruhové trávniky a vpravo i vľavo na pohľadnici je po jednom strome 
650 0 7 |a divadlá  |2 SNKPH  |9 29113 
651 7 |a Spišská Nová Ves (Slovensko)  |2 SNKPHgeo  |9 28800 
655 7 |a miestne pohľadnice  |2 SNKPH  |9 70510 
852 |a Slovenská národná knižnica 
958 |a GBN 
958 |a GC 
958 |a OND 
958 |a EUIPO 
999 |c 857034  |d 858964 
952 |a SNK  |b SNK  |y PREZ  |7 0  |p 17A1243679  |o snkSP 76755  |z Pohľadnica preľla poštou.  |0 0  |1 0  |4 0  |d 2018-07-31  |f 1  |l 0  |r 2026-02-24 05:00:37  |w 2026-02-24